Normal view
MARC view
Entry Geographic Name
001 - CONTROL NUMBER
- control field: 44478
003 - CONTROL NUMBER IDENTIFIER
- control field: ARRUPE
005 - DATE AND TIME OF LATEST TRANSACTION
- control field: 20190207115548.0
008 - FIXED-LENGTH DATA ELEMENTS
- fixed length control field: 190207|| aca||aabn | a|a d
040 ## - CATALOGING SOURCE
- Original cataloging agency: ARRUPE
- Transcribing agency: ARRUPE
151 ## - HEADING--GEOGRAPHIC NAME
- Geographic name: South Africa
- General subdivision: Politics
- Chronological subdivision: 1948-1994.
670 ## - SOURCE DATA FOUND
- Source citation: Work cat.: (ARRUPE)0: Suzman, Helen. 44476, In no uncertain terms :, 1993.